Hiệu ứng kỳ nghỉ,thời tiết, lịch âm đến tỷ suất sinh lợi của thị trường chứng khoán Việt Nam : Luận án Tiến sĩ kinh tế - Chuyên ngành: Tài chính - Ngân hàng

Đã lưu trong:
書目詳細資料
主要作者: Lại, Cao Mai Phương
格式: Luận văn
語言:Undetermined
出版: Trường Đại học Kinh tế Tp. Hồ Chí Minh 2019
主題:
標簽: 添加標簽
沒有標簽, 成為第一個標記此記錄!
Thư viện lưu trữ: Trung tâm Thư viện - Trường Đại học Công nghiệp TP. Hồ Chí Minh
LEADER 00790nam a2200157Ia 4500
001 UIH_01784
008 230809s9999 xx 000 0 und d
082 |a 332.632 
100 |a Lại, Cao Mai Phương 
245 0 |a Hiệu ứng kỳ nghỉ,thời tiết, lịch âm đến tỷ suất sinh lợi của thị trường chứng khoán Việt Nam : Luận án Tiến sĩ kinh tế - Chuyên ngành: Tài chính - Ngân hàng 
245 0 |c Lại, Cao Mai Phương 
260 |b Trường Đại học Kinh tế Tp. Hồ Chí Minh 
260 |c 2019 
650 |a Thị trường chứng khoán; Tài chính ngân hàng 
927 |a Luận văn 
980 |a Trung tâm Thư viện - Trường Đại học Công nghiệp TP. Hồ Chí Minh